LEADER 01628nam 2200385 450 001 9910131160403321 005 20240207154041.0 010 $a1-55441-829-1 035 $a(CKB)3680000000167654 035 $a(NjHacI)993680000000167654 035 $a(EXLCZ)993680000000167654 100 $a20240207d2005 uy 0 101 0 $afre 135 $aur||||||||||| 181 $ctxt$2rdacontent 182 $cc$2rdamedia 183 $acr$2rdacarrier 200 10$aAnthropologie sociale et paysannerie que?be?coise /$fYvan Breton 210 1$aChicoutimi :$cJ.-M. Tremblay,$d2005. 215 $a1 online resource 225 1 $aClassiques des sciences sociales 327 $aIntroduction -- -- 1. Les paysans en termes anthropologiques -- -- 2. La paysannerie que?be?coise: sa spe?cificite? -- -- 3. Quelques voies de recherche -- -- Conclusion -- -- Bibliographie -- -- Figure 17.1 Ferme laitie?re, comte? de Bellechasse (Projet Bellechasse, Universite? Laval) -- -- Figure 17.2 Troupeau de vaches laitie?res, comte? de Bellechasse. (Projet Bellechasse, Universite? Laval) -- -- Figure 17.3 Terre a? bois, comte? de Bellechasse. (Projet Bellechasse, Universite? Laval). 410 0$aClassiques des sciences sociales. 606 $aEthnology$vPeriodicals 606 $aEthnology$xResearch 615 0$aEthnology 615 0$aEthnology$xResearch. 676 $a306 700 $aBreton$b Yvan$0867922 801 0$bNjHacI 801 1$bNjHacl 906 $aBOOK 912 $a9910131160403321 996 $aAnthropologie sociale et paysannerie québécoise$91937474 997 $aUNINA